| 000 | 00651nam a2200265Ia 4500 | ||
|---|---|---|---|
| 008 | 170711s9999 xx 000 0 und d | ||
| 020 | _a971086470X | ||
| 050 | _a170 | ||
| 050 | _bM696 2004 | ||
| 100 | _aMoga, Michael | ||
| 245 | _aToward authentic morality / | ||
| 245 | _cby Michael Moga. | ||
| 250 | _aRevised edition. | ||
| 260 | _aPhilippines : | ||
| 260 | _bNational Book Store, | ||
| 260 | _c2004 | ||
| 300 | _a169 pages : | ||
| 300 | _billustrations ; | ||
| 300 | _c22cm. | ||
| 650 | _aChristian ethics -- | ||
| 650 | _aChristian ethics -- | ||
| 650 | _xCatholic authors. | ||
| 650 | _xPhilippines. | ||
| 700 | _aTitle. | ||
| 999 |
_c339635 _d339635 |
||